1763 1439 1857 1027 1140 1885 1647 1375 1682 1660 1413 1509 1328 1385 1162 1862 1195 1164 1075 1852 1523 1827 1311 1191 1856 1948 1099 1576 1662 1076 1167 1749 1239 1414 1105 1531 1001 1799 1560 1305 1841 1684 1710 1367 1221 1195 1383 1751 1858 1937 1431 1592 1826 1745 1380 1801 1304 1159 1745 1386 1972 1354 1526 1977 1271 1347 1382 1133 1329 1592 1929 1929 1877 1246 1616 1588 1214 1942 1048 1123 1833 1020 1410 1421 1032 1448 1406 1194 1466 1905 1073 1668 1434 1026 1529 1802 1622 1575 1977 BCNSPRNW ULIB Ver.6.0+V

เปลี่ยนเป็นภาษาไทย

Change to English
 แสดงรายละเอียดบรรณานุกรม
  กลับหน้าหลัก

Brief Record : Get Marc (ISO 2709) : E-mail record : QR code < ปิดหน้าต่าง
LEADER : 00000nam 2200000uu 4500
001    13399109485
003     ULIB
008    110403s2544||||th 000 0 tha d
020    9740408745
060 04 WB115^bอ636อ 2544
245 00 อายุรศาสตร์ทันยุค^n7 =^bUpdate in internal medicine^n7 /^cบรรณาธิการ, รุ่งนิรันดร์ ประดิษฐสุวรรณ, ดำรัส ตรีสุโกศล,สมเกียร วสุวัฏฏกุล
246 31 Update in internal medicine
250    พิมพ์ครั้งที่ 1
260    กรุงเทพฯ :^bภาควิชาอายุรศาสตร์ คณะแพทยศาสตร์ศิริราชพยาบาลมหาวิทยาลัยมหิดล,^c2544
300    512 หน้า :^bภาพประกอบ ;^c21 ซม.
504    บรรณาณุกรมและดัชนี
650  7 อายุรศาสตร์
653    ผลงานอาจารย์คณะแพทยศาสตร์ศิริราชพยาบาล
700 0  รุ่งนิรันดร์ ประดิษฐสุวรรณ,^eบรรณาธิการ
700 0  ดำรัส ตรีสุโกศล,^eบรรณาธิการ
700 0  สมเกียรติ วสุวัฎฎกุล,^eบรรณาธิการ
710 2  มหาวิทยาลัยมหิดล. ^bคณะแพทยศาสตร์ศิริราชพยาบาล.^bภาควิชาอายุรศาสตร์
945    ^p300^l0^i014789
945    ^p300^l0^i014787
945    ^p300^l0^i014788
995    ทศพร
999 ^a ใช้งานได้ทุกระบบ
รายการนี้ยังไม่มีแท็ก
คุณยังไม่ได้ล็อกอิน คุณสามารถมีกิจกรรมร่วมกับเว็บไซต์ได้ แต่ต้องล็อกอินก่อน ::
  ล็อกอิน

รายการสื่อสารสนเทศ

ลำดับที่ ประเภท เลขเรียก/บาร์โค้ด สถานที่ สถานะ
- ไม่พบข้อมูล -

รายการใกล้เคียง
    หัวเรื่อง [อายุรศาสตร์]

BibComment


ยังไม่เคยถูกคอมเมนท์

คอมเมนท์ทรัพยากรรายการนี้
  คอมเมนท์: อายุรศาสตร์ทันยุค..


 Copyright 2026. Bcnsprnw @Library